[Event "Berlin Lichtenberger op 17th"]
[Site "Berlin"]
[Date "2018.08.19"]
[Round "2"]
[White "Pathasart, Somchay"]
[Black "Bergmann, Jens"]
[Result "1-0"]
[WhiteElo "1750"]
[BlackElo "1835"]
[PlyCount "111"]
[EventDate "2018.08.18"]
[EventType "swiss"]
[EventRounds "9"]
[EventCountry "GER"]
[SourceTitle "CBM 186 Extra"]
[Source "ChessBase"]
[SourceDate "2018.08.24"]
[SourceVersion "1"]
[SourceVersionDate "2018.08.24"]
[SourceQuality "1"]

1. d4 Nf6 2. Nf3 e6 3. Bg5 h6 4. Bh4 d5 5. e3 Nbd7 6. Ne5 Be7 7. f4 c5 8. c3 c4 9. Nd2 Nh7 10. Bg3 Nxe5 11. fxe5 Bh4 12. Nf3 Bxg3+ 13. hxg3 Ng5 14. Nxg5 Qxg5 15. Qf3 0-0 16. Qf4 Qg6 17. Rc1 f6 18. Be2 Bd7 19. Bh5 Qd3 20. Be2 Qg6 21. Bh5 Qh7 22. 0-0 g5 23. Qg4 f5 24. Qe2 g4 25. Kf2 Qe7 26. Rh1 Kg7 27. Rh4 b5 28. a3 a5 29. Rch1 b4 30. axb4 axb4 31. Qd2 bxc3 32. Qc2 cxb2 33. Ke2 Qg5 34. Rb1 Ba4 35. Qc3 Bb3 36. Rxb2 Rfb8 37. Kf2 Ra1 38. Re2 Rb7 39. Qxa1 Qe7 40. Rh1 Ra7 41. Qc3 Ra8 42. Ra1 Rb8 43. Rb2 Qc7 44. Ra6 Qd7 45. Rd6 Qa7 46. Rxe6 Qa1 47. Qd2 Qh1 48. Re7+ Kf8 49. Rf7+ Kg8 50. Rxf5 Ra8 51. Qe1 Qxe1+ 52. Kxe1 Ra1+ 53. Kd2 Rd1+ 54. Ke2 Rg1 55. Rf2 Ba4 56. Rb8+ 1-0

[Event "Berlin Werner Ott op"]
[Site "Berlin"]
[Date "2018.07.03"]
[Round "4"]
[White "Bergmann, Jens"]
[Black "Gebigke, Martin"]
[Result "0-1"]
[WhiteElo "1846"]
[BlackElo "2050"]
[PlyCount "58"]
[EventDate "2018.06.30"]
[EventType "swiss"]
[EventRounds "9"]
[EventCountry "GER"]
[SourceTitle "CBM 185 Extra"]
[Source "ChessBase"]
[SourceDate "2018.07.29"]
[SourceVersion "1"]
[SourceVersionDate "2018.07.29"]
[SourceQuality "1"]

1. e4 c5 2. f4 Nf6 3. Nc3 d6 4. Bb5+ Nc6 5. d4 cxd4 6. Qxd4 Bd7 7. Bxc6 Bxc6 8. Nf3 e6 9. Be3 Be7 10. 0-0-0 0-0 11. e5 dxe5 12. fxe5 Nd5 13. Nxd5 Bxd5 14. Qg4 Kh8 15. Kb1 b5 16. Rhf1 Qa5 17. b3 Rac8 18. Rf2 Rc6 19. Bd4 Ra6 20. Ng5 Qxa2+ 21. Kc1 Bxb3 22. Bb2 Rc6 23. Rd7 Bxc2 24. Rxc2 Rxc2+ 25. Kxc2 Rc8+ 26. Kd3 Qb3+ 27. Ke4 Qc2+ 28. Rd3 Rc4+ 29. Bd4 Rxd4+ 0-1

[Event "Berlin Lichtenberger op 16th"]
[Site "Berlin"]
[Date "2017.08.24"]
[Round "6"]
[White "Bergmann, Jens"]
[Black "Kornrumpf, Joachim"]
[Result "0-1"]
[WhiteElo "1878"]
[BlackElo "2074"]
[PlyCount "55"]
[EventDate "2017.08.19"]
[EventType "swiss"]
[EventRounds "9"]
[EventCountry "GER"]
[SourceTitle "CBM 180 Extra"]
[Source "ChessBase"]
[SourceDate "2017.10.06"]
[SourceVersion "1"]
[SourceVersionDate "2017.10.06"]
[SourceQuality "1"]

1. e4 c5 2. Nf3 e6 3. d4 cxd4 4. Nxd4 a6 5. g3 b6 6. Bg2 Bb7 7. 0-0 Qc7 8. Re1 d6 9. a4 Nf6 10. Ra3 Be7 11. Rc3 Qd7 12. Rd3 Nc6 13. e5 Nxe5 14. Rxe5 Bxg2 15. Re1 Bb7 16. g4 g6 17. Bg5 0-0 18. Rh3 Rfe8 19. Qd2 Ne4 20. Rxe4 Bxe4 21. Nc3 Bb7 22. Qe3 Rac8 23. Nce2 e5 24. Nf5 gxf5 25. gxf5 Qxf5 26. Bxe7 Rxe7 27. Qh6 Re6 28. Rg3+ 0-1

[Event "Berlin Lichtenberger op 16th"]
[Site "Berlin"]
[Date "2017.08.23"]
[Round "5"]
[White "Silz, Elisa"]
[Black "Bergmann, Jens"]
[Result "0-1"]
[WhiteElo "2023"]
[BlackElo "1878"]
[PlyCount "84"]
[EventDate "2017.08.19"]
[EventType "swiss"]
[EventRounds "9"]
[EventCountry "GER"]
[SourceTitle "CBM 180 Extra"]
[Source "ChessBase"]
[SourceDate "2017.10.06"]
[SourceVersion "1"]
[SourceVersionDate "2017.10.06"]
[SourceQuality "1"]

1. d4 Nf6 2. Nf3 d5 3. c4 c6 4. e3 e6 5. Nc3 Bb4 6. Nd2 0-0 7. Bd3 e5 8. dxe5 Ng4 9. Qc2 Qh4 10. Nf3 Bxc3+ 11. bxc3 Qh5 12. Ba3 Re8 13. Bd6 dxc4 14. Bxc4 Nd7 15. e6 fxe6 16. h3 Ngf6 17. 0-0 b5 18. Bb3 c5 19. a4 c4 20. Ba2 Bb7 21. Nd4 Qd5 22. f3 Qxd6 23. Nxb5 Qc5 24. Rfe1 a6 25. Nd4 e5 26. Nf5 e4 27. Nd4 exf3 28. gxf3 Rac8 29. Rab1 Ba8 30. Rb4 Qg5+ 31. Qg2 Qxg2+ 32. Kxg2 Ne5 33. Rb6 Nd5 34. Rxa6 Nxc3 35. Bb1 Nxb1 36. Rxb1 Rc7 37. Kg3 c3 38. Rc1 Nd3 39. Rc2 Nb4 40. Re6 Rxe6 41. Nxe6 Nxc2 42. Nxc7 Nxe3 0-1

[Event "Berlin Lichtenberger op 16th"]
[Site "Berlin"]
[Date "2017.08.19"]
[Round "1"]
[White "Bergmann, Jens"]
[Black "Foerster, Jonas"]
[Result "0-1"]
[WhiteElo "1878"]
[BlackElo "2330"]
[PlyCount "64"]
[EventDate "2017.08.19"]
[EventType "swiss"]
[EventRounds "9"]
[EventCountry "GER"]
[SourceTitle "CBM 180 Extra"]
[Source "ChessBase"]
[SourceDate "2017.10.06"]
[SourceVersion "1"]
[SourceVersionDate "2017.10.06"]
[SourceQuality "1"]

1. e4 e6 2. g3 d5 3. Bg2 Be7 4. d4 dxe4 5. Bxe4 Nf6 6. Bg2 c5 7. c3 Nc6 8. dxc5 Qxd1+ 9. Kxd1 Bxc5 10. Be3 Bxe3 11. fxe3 e5 12. Nd2 Bf5 13. e4 Bg6 14. Ke2 0-0-0 15. Bf3 h5 16. h4 Nd7 17. Nh3 Nc5 18. Nf2 a5 19. a4 Kc7 20. b4 Rxd2+ 21. Kxd2 Nb3+ 22. Ke3 Nxa1 23. Rxa1 axb4 24. cxb4 Nxb4 25. Rb1 Nc2+ 26. Kd3 Nd4 27. Bg2 Ra8 28. Rb4 f6 29. Nd1 Nc6 30. Rb3 Bf7 31. Ra3 b5 32. Nc3 Bc4+ 0-1

[Event "Berlin Lichtenrade op 12th"]
[Site "Berlin"]
[Date "2016.10.26"]
[Round "5"]
[White "Kutschke, Jens"]
[Black "Bergmann, Jens"]
[Result "1/2-1/2"]
[WhiteElo "2015"]
[BlackElo "1888"]
[PlyCount "102"]
[EventDate "2016.10.22"]
[EventType "swiss"]
[EventRounds "9"]
[EventCountry "GER"]
[SourceTitle "EXT 2018"]
[Source "ChessBase"]
[SourceDate "2017.10.13"]
[SourceVersion "1"]
[SourceVersionDate "2017.10.13"]
[SourceQuality "1"]

1. e4 d6 2. d4 g6 3. Be3 Bg7 4. Nc3 Nf6 5. Be2 c6 6. Qd2 0-0 7. 0-0-0 Ng4 8. Bxg4 Bxg4 9. f3 Be6 10. Bh6 Bc4 11. Bxg7 Kxg7 12. h4 h6 13. h5 g5 14. f4 f6 15. Nf3 Bf7 16. e5 dxe5 17. fxg5 hxg5 18. Nxg5 Qxd4 19. h6+ Kg6 20. Qxd4 exd4 21. Nxf7 Kxf7 22. Rxd4 Rh8 23. Ne2 c5 24. Rg4 Rh7 25. Ng3 Nc6 26. Nf5 Rd8 27. c3 Rd5 28. Ne3 Rg5 29. Rxg5 fxg5 30. g4 Kg6 31. Nf5 e6 32. Nd6 b6 33. Re1 Nd8 34. Nc8 Rc7 35. Nd6 Kxh6 36. Rh1+ Kg6 37. Rh8 Rd7 38. Ne4 Nf7 39. Rg8+ Kh6 40. Re8 e5 41. Re6+ Kg7 42. Ng3 Rd3 43. Nh5+ Kf8 44. Kc2 Rd6 45. Rxd6 Nxd6 46. Nf6 Kf7 47. Nd7 e4 48. b3 Ke6 49. Nf8+ Ke5 50. Ng6+ Kf6 51. Nf8 Ke5 1/2-1/2

[Event "Berlin Lichtenrade op 12th"]
[Site "Berlin"]
[Date "2016.10.22"]
[Round "1"]
[White "Bergmann, Jens"]
[Black "Chatalbashev, Boris"]
[Result "0-1"]
[WhiteElo "1888"]
[BlackElo "2534"]
[PlyCount "60"]
[EventDate "2016.10.22"]
[EventType "swiss"]
[EventRounds "9"]
[EventCountry "GER"]
[SourceTitle "EXT 2018"]
[Source "ChessBase"]
[SourceDate "2017.10.13"]
[SourceVersion "1"]
[SourceVersionDate "2017.10.13"]
[SourceQuality "1"]

1. d4 Nf6 2. Nf3 c5 3. c3 b6 4. e3 Bb7 5. Bd3 g6 6. 0-0 Bg7 7. Nbd2 d5 8. Bb5+ Nfd7 9. dxc5 bxc5 10. e4 dxe4 11. Ng5 0-0 12. Qb3 Ne5 13. Ngxe4 Qc7 14. Qa3 Nbd7 15. f4 Nc6 16. Ba6 Rad8 17. Bxb7 Qxb7 18. Nxc5 Nxc5 19. Qxc5 Nd4 20. Nb3 Rd5 21. Qb4 Qxb4 22. cxb4 Nc2 23. Rb1 Nxb4 24. Be3 a5 25. Nc1 Rb8 26. b3 Nc2 27. Bf2 Na3 28. Ne2 Nxb1 29. Rxb1 Rd2 30. Kf1 Rxa2 0-1

[Event "Berlin Lichtenberger op 14th"]
[Site "Berlin"]
[Date "2015.08.22"]
[Round "8"]
[White "Bergmann, Jens"]
[Black "Schroeder, Wolfgang"]
[Result "1-0"]
[WhiteElo "1907"]
[BlackElo "1722"]
[PlyCount "59"]
[EventDate "2015.08.15"]
[EventType "swiss"]
[EventRounds "9"]
[EventCountry "GER"]
[SourceTitle "EXT 2016"]
[Source "ChessBase"]
[SourceDate "2015.10.08"]
[SourceVersion "1"]
[SourceVersionDate "2015.10.08"]
[SourceQuality "1"]

1. e4 c5 2. Nf3 d6 3. Bc4 Nf6 4. Qe2 e6 5. e5 dxe5 6. Nxe5 Bd6 7. 0-0 0-0 8. d3 Nbd7 9. f4 Qc7 10. Re1 Nb6 11. Bb3 Bd7 12. Nd2 Rad8 13. Ndf3 Bc6 14. Ng5 Bd5 15. Bd2 h6 16. Ngf3 Bxb3 17. axb3 Qb8 18. g4 Nfd5 19. g5 h5 20. g6 fxg6 21. Nxg6 Nxf4 22. Bxf4 Rf6 23. Bxd6 Rxg6+ 24. Bg3 Rxg3+ 25. hxg3 Qxg3+ 26. Qg2 Qxg2+ 27. Kxg2 Nd5 28. Rxa7 Rd7 29. Ng5 Re7 30. Ra8+ 1-0

[Event "Berlin Lichtenberger op 14th"]
[Site "Berlin"]
[Date "2015.08.16"]
[Round "2"]
[White "Ollek, Karl Heinz"]
[Black "Bergmann, Jens"]
[Result "1/2-1/2"]
[WhiteElo "1726"]
[BlackElo "1907"]
[PlyCount "55"]
[EventDate "2015.08.15"]
[EventType "swiss"]
[EventRounds "9"]
[EventCountry "GER"]
[SourceTitle "EXT 2016"]
[Source "ChessBase"]
[SourceDate "2015.10.08"]
[SourceVersion "1"]
[SourceVersionDate "2015.10.08"]
[SourceQuality "1"]

1. d4 g6 2. c4 Bg7 3. Nc3 Nf6 4. e4 d6 5. Nf3 0-0 6. Be2 Nbd7 7. 0-0 h6 8. h3 e5 9. Be3 exd4 10. Nxd4 Nc5 11. f3 Nh5 12. Qd2 Ng3 13. Rfe1 Qh4 14. b4 Na6 15. Rab1 f5 16. Bf2 f4 17. Bf1 c5 18. bxc5 dxc5 19. Nde2 Kh7 20. Nd5 Nxe2+ 21. Rxe2 Qg5 22. Qe1 b6 23. Kh2 Qe5 24. Rb3 Nb8 25. Rd3 Nc6 26. Red2 Ba6 27. Ra3 Bb7 28. Rad3 1/2-1/2

[Event "Berlin Lichtenberger op 13th"]
[Site "Berlin"]
[Date "2014.08.21"]
[Round "6"]
[White "Ziems, Michael"]
[Black "Bergmann, Jens"]
[Result "1/2-1/2"]
[WhiteElo "1809"]
[BlackElo "1896"]
[PlyCount "40"]
[EventDate "2014.08.16"]
[EventType "swiss"]
[EventRounds "9"]
[EventCountry "GER"]
[SourceTitle "CBM 161 Extra"]
[Source "ChessBase"]
[SourceDate "2014.08.29"]
[SourceVersion "1"]
[SourceVersionDate "2014.08.29"]
[SourceQuality "1"]

1. d4 Nf6 2. c4 e5 3. dxe5 Ng4 4. Nf3 Bc5 5. e3 Nc6 6. Be2 Ngxe5 7. Nc3 0-0 8. 0-0 Re8 9. a3 Nxf3+ 10. Bxf3 Ne5 11. Be2 a5 12. b3 Ra6 13. Ne4 Bf8 14. Bb2 Qh4 15. f4 Rh6 16. Bxe5 Rxe5 17. fxe5 Qxh2+ 18. Kf2 Qh4+ 19. Kg1 Qh2+ 20. Kf2 Qh4+ 1/2-1/2

[Event "Berlin Lichtenberger op 12th"]
[Site "Berlin"]
[Date "2013.08.21"]
[Round "5"]
[White "Bergmann, Jens"]
[Black "Kay, Jonathan"]
[Result "1/2-1/2"]
[WhiteElo "1920"]
[BlackElo "1953"]
[PlyCount "71"]
[EventDate "2013.08.17"]
[EventType "swiss"]
[EventRounds "9"]
[EventCountry "GER"]
[SourceTitle "CBM 156 Extra"]
[Source "ChessBase"]
[SourceDate "2013.10.22"]
[SourceVersion "1"]
[SourceVersionDate "2013.10.22"]
[SourceQuality "1"]

1. e4 c6 2. e5 d5 3. exd6 Qxd6 4. d4 Nf6 5. Nf3 Bg4 6. Be2 Nbd7 7. 0-0 e6 8. Nbd2 Be7 9. g3 Nb6 10. a4 a5 11. Nb3 Qd5 12. Ng5 Bxe2 13. Qxe2 h6 14. Nf3 Qh5 15. Kg2 Qd5 16. Rd1 g5 17. Kg1 g4 18. Ne5 h5 19. c4 Qe4 20. Qxe4 Nxe4 21. c5 Nd7 22. Nc4 Bd8 23. Re1 Ndf6 24. Bf4 Rg8 25. Re2 Kd7 26. Kg2 Ng5 27. Bd2 Nf3 28. Bxa5 Bxa5 29. Nbxa5 Kc7 30. Nb3 Nd5 31. a5 h4 32. gxh4 Nf4+ 33. Kf1 Nxh2+ 34. Ke1 Nf3+ 35. Kd1 Nxe2 36. Kxe2 1/2-1/2

[Event "Berlin Werner Ott op"]
[Site "Berlin"]
[Date "2013.07.06"]
[Round "1"]
[White "Bergmann, Jens"]
[Black "Kalinitschew, Sergey"]
[Result "0-1"]
[WhiteElo "1938"]
[BlackElo "2433"]
[PlyCount "66"]
[EventDate "2013.07.06"]
[EventType "swiss"]
[EventRounds "9"]
[EventCountry "GER"]
[SourceTitle "CBM 155 Extra"]
[Source "ChessBase"]
[SourceDate "2013.08.26"]
[SourceVersion "1"]
[SourceVersionDate "2013.08.26"]
[SourceQuality "1"]

1. e4 c5 2. Nf3 Nc6 3. c3 e6 4. Be2 d5 5. d3 Nf6 6. Qc2 Bd6 7. Bg5 0-0 8. Nbd2 b5 9. d4 cxd4 10. cxd4 Nb4 11. Qb1 dxe4 12. Nxe4 Be7 13. Nxf6+ Bxf6 14. Bxf6 Qxf6 15. Ne5 Qf4 16. Bf3 Qxd4 17. 0-0 Nd5 18. Nc6 Qf6 19. a4 bxa4 20. Rxa4 Bd7 21. Ra6 Bxc6 22. Rxc6 Nf4 23. Be4 g6 24. Qc2 Rab8 25. b3 Rfd8 26. Rd1 Rxd1+ 27. Qxd1 Rd8 28. Qf1 Rd2 29. Rc2 Ne2+ 30. Kh1 Qxf2 31. Rc8+ Kg7 32. Qa1+ Qd4 33. Qxd4+ Nxd4 0-1

[Event "Berlin Lichtenberger op 11th"]
[Site "Berlin"]
[Date "2012.08.24"]
[Round "7"]
[White "Bergmann, Jens"]
[Black "Meyer, Ulrich"]
[Result "1/2-1/2"]
[WhiteElo "1946"]
[BlackElo "2069"]
[PlyCount "134"]
[EventDate "2012.08.18"]
[EventType "swiss"]
[EventRounds "9"]
[EventCountry "GER"]
[SourceTitle "CBM 150 Extra"]
[Source "ChessBase"]
[SourceDate "2012.10.19"]
[SourceVersion "1"]
[SourceVersionDate "2012.10.19"]
[SourceQuality "1"]

1. e4 e5 2. Nf3 Nf6 3. Nxe5 d6 4. Nf3 Nxe4 5. d3 Nf6 6. d4 d5 7. Bg5 Bd6 8. Bd3 Be6 9. 0-0 Nbd7 10. h3 c6 11. Nbd2 h6 12. Be3 Qc7 13. c4 dxc4 14. Nxc4 Bxc4 15. Bxc4 Nb6 16. Ne5 Nxc4 17. Nxc4 0-0 18. Qf3 Nd5 19. Qg4 f5 20. Qh5 f4 21. Bd2 Kh7 22. Rfe1 g6 23. Qg4 Rf6 24. h4 h5 25. Qh3 Raf8 26. Re6 Rxe6 27. Qxe6 Rf6 28. Qh3 b5 29. Nxd6 Qxd6 30. a3 Qe6 31. Qf3 Qg4 32. Qxg4 hxg4 33. Re1 Kg7 34. Re8 Kf7 35. Ra8 Ke6 36. Rxa7 Kf5 37. f3 g3 38. Kf1 Ke6 39. Ke2 Rf8 40. Rh7 Re8 41. Kd3 Kf6 42. Rd7 Re6 43. Ba5 Re3+ 44. Kd2 Rxf3 45. Rd6+ Ke7 46. Rxc6 Rf2+ 47. Kd3 Nf6 48. Bd8+ Kxd8 49. Rxf6 Rxg2 50. Rxf4 Rxb2 51. Kc3 Rf2 52. Rg4 Rf3+ 53. Kb4 Ke7 54. Rxg6 Kf7 55. h5 Re3 56. Kxb5 Rxa3 57. d5 Re3 58. Kc5 Ra3 59. Kd4 Rb3 60. Ke5 Re3+ 61. Kf4 Rd3 62. Ke4 Ra3 63. d6 Ra5 64. d7 Ke7 65. Rg7+ Kd8 66. h6 g2 67. h7 Rh5 1/2-1/2

[Event "Berlin Lichtenberger op 11th"]
[Site "Berlin"]
[Date "2012.08.19"]
[Round "2"]
[White "Bergmann, Jens"]
[Black "Moeller, Dirk Halvard"]
[Result "1-0"]
[WhiteElo "1946"]
[BlackElo "1686"]
[PlyCount "37"]
[EventDate "2012.08.18"]
[EventType "swiss"]
[EventRounds "9"]
[EventCountry "GER"]
[SourceTitle "CBM 150 Extra"]
[Source "ChessBase"]
[SourceDate "2012.10.19"]
[SourceVersion "1"]
[SourceVersionDate "2012.10.19"]
[SourceQuality "1"]

1. e4 e5 2. d4 exd4 3. Qxd4 Nc6 4. Qe3 Nf6 5. Bd2 b6 6. Nc3 Bc5 7. Qg3 Nd4 8. 0-0-0 Ne6 9. e5 Nh5 10. Qf3 c6 11. Qxh5 Bxf2 12. Ne4 Bc5 13. Nd6+ Bxd6 14. exd6 0-0 15. Nf3 a5 16. Bd3 g6 17. Qh6 a4 18. h4 Nc5 19. Ng5 1-0

[Event "Berlin Lichtenrade op 07th"]
[Site "Berlin"]
[Date "2011.10.08"]
[Round "1"]
[White "Lagunow, Alexander"]
[Black "Bergmann, Jens"]
[Result "1-0"]
[WhiteElo "2430"]
[BlackElo "1950"]
[PlyCount "69"]
[EventDate "2011.10.08"]
[EventType "swiss"]
[EventRounds "9"]
[EventCountry "GER"]
[SourceTitle "CBM 144 Extra"]
[Source "ChessBase"]
[SourceDate "2011.10.28"]
[SourceVersion "1"]
[SourceVersionDate "2011.10.28"]
[SourceQuality "1"]

1. Nf3 d5 2. g3 Nf6 3. Bg2 e6 4. d4 c5 5. 0-0 cxd4 6. Nxd4 Be7 7. c4 0-0 8. cxd5 Nxd5 9. Nc3 Nxc3 10. bxc3 e5 11. Nb5 Qb6 12. a4 a6 13. Be3 Qa5 14. Nd6 Qc7 15. Nxc8 Qxc8 16. Rb1 Nc6 17. Bb6 Qe6 18. Qd5 Qg4 19. h3 Qxa4 20. Qd7 e4 21. Qf5 Rfe8 22. Bxe4 g6 23. Qf3 Rac8 24. Rfd1 Ne5 25. Qg2 Bf6 26. Bd4 Nc6 27. Ra1 Nxd4 28. Rxa4 Nxe2+ 29. Kh2 Nxc3 30. Bc2 Nxd1 31. Bxd1 Re1 32. Qxb7 Rc1 33. Rxa6 Bd4 34. Bb3 Rh1+ 35. Qxh1 1-0

[Event "Berlin Lichtenberger op 10th"]
[Site "Berlin"]
[Date "2011.08.14"]
[Round "3"]
[White "Pueschel, Werner"]
[Black "Bergmann, Jens"]
[Result "1-0"]
[WhiteElo "2163"]
[BlackElo "1952"]
[PlyCount "129"]
[EventDate "2011.08.13"]
[EventType "swiss"]
[EventRounds "9"]
[EventCountry "GER"]
[SourceTitle "CBM 143 Extra"]
[Source "ChessBase"]
[SourceDate "2011.08.29"]
[SourceVersion "1"]
[SourceVersionDate "2011.08.29"]
[SourceQuality "1"]

1. a3 Nf6 2. g3 d5 3. Bg2 c5 4. Nf3 Nc6 5. d3 e6 6. 0-0 Be7 7. c3 0-0 8. Qc2 Qc7 9. Nbd2 Bd7 10. Re1 Rac8 11. e4 dxe4 12. dxe4 e5 13. Nc4 Be6 14. Ne3 Na5 15. c4 b5 16. b3 bxc4 17. bxc4 Nd7 18. Bd2 Rb8 19. Rab1 Nc6 20. Nd5 Qc8 21. Rxb8 Qxb8 22. Rb1 Qd6 23. Qa4 Bd8 24. Bg5 f6 25. Be3 Nb6 26. Qb5 Nd7 27. Ne1 Bb6 28. Qxc6 Qxc6 29. Ne7+ Kf7 30. Nxc6 Rc8 31. Nxa7 Bxa7 32. Rb7 Ra8 33. f4 Ke8 34. Bf1 Bb6 35. Bc1 Kd8 36. fxe5 fxe5 37. Nd3 Kc8 38. Rxb6 Nxb6 39. Nxe5 Ra4 40. Be3 Rxa3 41. Bxc5 Rb3 42. Bd4 Kc7 43. c5 Nd7 44. Nxd7 Kxd7 45. Bxg7 Kc6 46. Bf8 Rb1 47. Kf2 Rb2+ 48. Ke3 Rxh2 49. Be2 h5 50. Be7 Kd7 51. Bd6 h4 52. Bb5+ Kd8 53. c6 hxg3 54. c7+ Kc8 55. Ba6+ Kd7 56. c8Q+ Kxd6 57. Qf8+ Kc6 58. Qe8+ Kd6 59. Qd8+ Kc6 60. e5 Bd7 61. Bb5+ Kc5 62. Qxd7 g2 63. Kf2 Rh5 64. Qd6+ Kxb5 65. Kxg2 1-0